000 00590nam a2200229Ia 4500
003 OSt
005 20220924152948.0
006 a|||||r|||| 00| 0
007 ta
008 220923b |||||||| |||| 00| 0 guj d
024 _a346195
037 _cTextual
040 _aARTS
_cARTS
_bguj
041 _2guj
_aguj
082 _aO155,3M98,11, 156K1
100 _aKhandekar V S
_9207628
245 0 _aSuna mandir
260 _c1961
650 _aMARATHI LITERATURE
_938000
942 _hO155,3M98,11, 156K1
_cTEXL
_2CC
999 _c471750
_d471750